000
00224 a2200085 4500
020
_a
9780620289665
100
_a
Van Der Merwe, Marie
_9
65442
245
_a
Blare in die wind
999
_c
731483
_d
731482
942
_w
2694
_x
Grace Mofokeng
_y
296
_z
Phillipina Naude